000 00772nam a2200205 4500
001 139785
003 ES-MaACL
005 20230906195915.0
007 t|
008 070214s1978 xxu r ||||1| eng d
100 1 _aSchneider, Judith Morganroth.
_9104565
245 1 0 _aClow at the altar
_b: the religious poetry of Max Jacob /
_cJudith Morganroth Schneider.
260 _aChapel Hill (USA) :
_bUniversity of North Carolina,
_c1978.
300 _a136 p. ;
_c23 cm.
490 1 _aNorth Carolina studies in the romance languages and literatures ;
_v190
710 0 0 _aUniversity of North Carolina.
_97512
830 0 _aNorth Carolina studies in the romance languages and literatures ;
_v190
_9182412
852 _aES-MaACL
_jA-10565
_bR.99186
999 _c139785
_d139785